000
nam a22 7a 4500
999
_c
43924
_d
43924
003
OSt
005
20180322143948.0
008
180322b xxu||||| |||| 00| 0 eng d
040
_c
IIMT
100
_a
CHERUNILAM FRANCIS
245
_a
BUSINESS ENVIRONMENT
300
_a
776
942
_2
ddc
_c
02